Devinez la Capitale Mystère #122 - Statistiques

Statistiques générales
  • Ce quiz a été pris 103 fois
  • Le résultat moyen est 31 sur 35
Statistiques - réponses
Type de Réponse Réponse % Correct
Lettre Trouvée A
100%
Lettre de l'Alphabet E
100%
Lettre Trouvée I
100%
Lettre Trouvée R
100%
Lettre Trouvée S
100%
Lettre de l'Alphabet N
99%
Lettre de l'Alphabet O
99%
Lettre de l'Alphabet P
99%
Lettre de l'Alphabet T
99%
Lettre de l'Alphabet D
98%
Lettre Trouvée L
96%
Lettre de l'Alphabet M
96%
Lettre de l'Alphabet K
95%
Lettre de l'Alphabet G
94%
Lettre de l'Alphabet H
94%
Lettre Bien Placée I
94%
Lettre Trouvée B
93%
Lettre de l'Alphabet C
92%
Lettre de l'Alphabet U
92%
Lettre de l'Alphabet W
92%
Lettre de l'Alphabet Y
89%
Lettre de l'Alphabet V
88%
Lettre de l'Alphabet J
87%
Lettre Bien Placée B
86%
Lettre Bien Placée A
82%
Lettre Bien Placée A
81%
Lettre Bien Placée R
81%
Lettre Bien Placée I
80%
Lettre Bien Placée S
80%
Lettre de l'Alphabet F
78%
Lettre de l'Alphabet Q
78%
Lettre de l'Alphabet X
78%
Lettre de l'Alphabet Z
78%
Lettre Bien Placée L
76%
Capitale Mystère Brasilia
75%
Aucun quiz correspondant
Distribution des résultats
% des personnes avec chaque résultat
Percentile par nombre de réponses
Votre historique - résultats
Vous n’avez pas pris ce quiz